000 00491nam a2200157 4500
001 109654
003 ES-MaACL
005 20230906184901.0
007 t|
008 061121s1963 sp r ||||1| spa d
100 1 _aOmaechevarría, Ignacio.
_987029
245 1 0 _aPedro Pérez de Mezquia (1688-1764) /
_cpor Ignacio Omaechevarría.
260 _a[s.l. :
_bs.n.],
_c1963 (
_fVitoria : Imp. Montepío Diocesano)
300 _a24 H. 2 lám. ;
_c24 cm.
852 _aES-MaACL
_j2037-F-2
_bR.52445
999 _c109654
_d109654